[Event "TUR-ch U07/12"]
[Site "Antalya"]
[Date "2023.01.27"]
[Round "9"]
[White "Koyunoglu, Omer Alp"]
[Black "Ozturk, Efe Hakan"]
[Result "1-0"]
[WhiteElo "1206"]
[BlackElo "2052"]
[PlyCount "64"]
[EventDate "2023.01.17"]
[EventType "swiss"]
[EventRounds "10"]
[EventCountry "TUR"]
[SourceTitle "EXT 2024"]
[Source "ChessBase"]
[SourceDate "2023.10.10"]
[SourceVersion "1"]
[SourceVersionDate "2023.10.10"]
[SourceQuality "1"]

1. e4 c5 2. Nf3 Nc6 3. d4 cxd4 4. Nxd4 g6 5. c4 Bg7 6. Be3 Nf6 7. Nc3 Ng4 8. Qxg4 Nxd4 9. Qd1 Ne6 10. Rc1 0-0 11. Qd2 b6 12. f3 Ba6 13. b3 Rc8 14. Bd3 Nc5 15. Bb1 e6 16. 0-0 Qc7 17. Rfd1 Rfd8 18. Bf4 Qc6 19. e5 f5 20. Qc2 b5 21. cxb5 Bxb5 22. Qf2 Qb7 23. Nxb5 Qxb5 24. Rc4 Nb7 25. Bd3 Rxc4 26. Bxc4 Qa5 27. Bg5 Re8 28. f4 Bf8 29. Kh1 Nc5 30. Qd4 Be7 31. Bxe7 Rxe7 32. b4 Qa3 1-0

[Event "EU-ch U16 30th"]
[Site "Antalya"]
[Date "2022.11.11"]
[Round "6"]
[White "Taspinar, Yanki"]
[Black "Ozturk, Efe Hakan"]
[Result "1-0"]
[WhiteElo "2291"]
[BlackElo "2127"]
[PlyCount "85"]
[EventDate "2022.11.06"]
[EventType "swiss"]
[EventRounds "9"]
[EventCountry "TUR"]
[SourceTitle "EXT 2024"]
[Source "ChessBase"]
[SourceDate "2023.10.10"]
[SourceVersion "1"]
[SourceVersionDate "2023.10.10"]
[SourceQuality "1"]

1. e4 Nf6 2. e5 Nd5 3. d4 d6 4. c4 Nb6 5. exd6 cxd6 6. Nc3 g6 7. Be3 Bg7 8. Rc1 Nc6 9. d5 Ne5 10. Be2 0-0 11. b3 f5 12. Qd2 e6 13. Nh3 Ng4 14. Bg5 Nf6 15. dxe6 Bxe6 16. 0-0 Qd7 17. Rcd1 Ne4 18. Nxe4 fxe4 19. Nf4 Be5 20. Nxe6 Qxe6 21. f4 exf3 22. Bxf3 Rab8 23. a4 Kh8 24. Be3 Rbe8 25. a5 Nd7 26. Bxa7 Nc5 27. b4 Na6 28. Bxb7 Qxc4 29. Bxa6 Qxa6 30. Bd4 Qc4 31. Bxe5+ dxe5 32. Qd6 Rf4 33. Rxf4 Qxf4 34. Rf1 Qe3+ 35. Kh1 Qh6 36. Qf6+ Qg7 37. Qxg7+ Kxg7 38. b5 e4 39. b6 e3 40. b7 e2 41. Re1 Rd8 42. Kg1 Rd1 43. Kf2 1-0

[Event "Paracin op-A 15th"]
[Site "Paracin"]
[Date "2022.07.09"]
[Round "3"]
[White "Zanan, Evgeny"]
[Black "Ozturk, Efe Hakan"]
[Result "1-0"]
[WhiteElo "2521"]
[BlackElo "2115"]
[PlyCount "109"]
[EventDate "2022.07.08"]
[EventType "swiss"]
[EventRounds "9"]
[EventCountry "SRB"]
[SourceTitle "EXT 2023"]
[Source "ChessBase"]
[SourceDate "2022.10.05"]
[SourceVersion "1"]
[SourceVersionDate "2022.10.05"]
[SourceQuality "1"]

1. d4 Nf6 2. c4 e6 3. Nf3 d5 4. g3 Be7 5. Bg2 0-0 6. Nc3 dxc4 7. Ne5 Nc6 8. Bxc6 bxc6 9. Nxc6 Qe8 10. Nxe7+ Qxe7 11. Qa4 c5 12. dxc5 Qxc5 13. Be3 Qc7 14. 0-0-0 Bb7 15. f3 Nd5 16. Bd4 e5 17. Nxd5 Bxd5 18. Bc3 Be6 19. Rd2 Rfe8 20. Rhd1 Qc5 21. Kb1 h5 22. Ka1 Qe3 23. Qa5 f6 24. f4 exf4 25. Qxh5 Bf7 26. Qg4 fxg3 27. hxg3 Qe4 28. Qh3 Be6 29. g4 Qxg4 30. Qh2 Qh3 31. Qf2 Qf5 32. Qe1 Bf7 33. Qg3 Qg6 34. Qh2 Qh5 35. Qf2 Re6 36. Rg1 Qh6 37. Rd4 Rae8 38. Bd2 g5 39. e3 Re4 40. Rd6 R4e6 41. Rd7 R8e7 42. Rxe7 Rxe7 43. Bc3 Re6 44. Rf1 Kg7 45. e4 Qg6 46. a3 a6 47. Qc5 g4 48. Qf2 Qg5 49. Qg3 Bg6 50. Rf4 Bh5 51. Ka2 Qb5 52. Rf1 Qd7 53. Qh4 Kg6 54. Rf5 Qd1 55. Rxf6+ 1-0

[Event "Titled Tuesday intern op 28th Jun Early"]
[Site "Chess.com INT"]
[Date "2022.06.28"]
[Round "2"]
[White "Liyanage, Ranindu Dilshan"]
[Black "Ozturk, Efe Hakan"]
[Result "0-1"]
[WhiteElo "2286"]
[BlackElo "2061"]
[PlyCount "62"]
[EventDate "2022.06.28"]
[EventType "swiss (blitz)"]
[EventRounds "11"]
[EventCountry "USA"]
[SourceTitle "CBM 209 Extra"]
[Source "ChessBase"]
[SourceDate "2022.09.30"]
[SourceVersion "1"]
[SourceVersionDate "2022.09.30"]
[SourceQuality "1"]

1. d4 b6 2. e4 Bb7 3. Bd3 e6 4. c4 Nf6 5. f3 d5 6. cxd5 exd5 7. e5 Nfd7 8. Ne2 c5 9. 0-0 cxd4 10. Nxd4 Bc5 11. Be3 Nxe5 12. Bb5+ Bc6 13. Qe2 0-0 14. Nc3 Bxb5 15. Ndxb5 Re8 16. Bxc5 bxc5 17. Qd2 d4 18. Ne4 Na6 19. Rac1 Qb6 20. Nbd6 Re6 21. Nc4 Nxc4 22. Rxc4 f5 23. Ng3 g6 24. Rfc1 Rae8 25. h4 Re3 26. b4 Nxb4 27. Rxc5 Nd3 28. Rc6 Qd8 29. Rf1 Qxh4 30. Nh1 Nf4 31. Nf2 Ne2+ 0-1

[Event "Titled Tuesday intern op 03rd May Early"]
[Site "Chess.com INT"]
[Date "2022.05.03"]
[Round "1"]
[White "Djokic, Mihailo"]
[Black "Ozturk, Efe Hakan"]
[Result "1-0"]
[WhiteElo "2194"]
[BlackElo "2061"]
[PlyCount "87"]
[EventDate "2022.05.03"]
[EventType "swiss (blitz)"]
[EventRounds "11"]
[EventCountry "USA"]
[SourceTitle "CBM 208 Extra"]
[Source "ChessBase"]
[SourceDate "2022.07.31"]
[SourceVersion "1"]
[SourceVersionDate "2022.07.31"]
[SourceQuality "1"]

1. e4 g6 2. d4 Bg7 3. Nc3 c6 4. Be3 d5 5. Nf3 dxe4 6. Nxe4 Nf6 7. Nxf6+ exf6 8. Be2 0-0 9. Qd2 Re8 10. h4 h5 11. 0-0-0 Be6 12. Kb1 Qd5 13. c4 Bf5+ 14. Ka1 Qe4 15. Qc3 Qc2 16. Qxc2 Bxc2 17. Rd2 Be4 18. d5 Na6 19. a3 f5 20. g3 c5 21. Rhd1 b6 22. Ng5 Rad8 23. Bf4 Bd4 24. f3 f6 25. fxe4 fxg5 26. Bxg5 Rd7 27. exf5 gxf5 28. Bxh5 Re4 29. Bf3 Re8 30. Kb1 Nc7 31. Rf1 b5 32. Bh5 Rb8 33. cxb5 Nxb5 34. Ka2 Rxd5 35. Re2 Nd6 36. b3 Re5 37. Rc2 Ne4 38. Bf4 Rd5 39. Bxb8 Nc3+ 40. Rxc3 Bxc3 41. Rf2 Rd2+ 42. Rxd2 Bxd2 43. Bf4 Bxf4 44. gxf4 1-0

[Event "Titled Tuesday intern op 08th June"]
[Site "Chess.com INT"]
[Date "2021.06.08"]
[Round "1"]
[White "Ozturk, Efe Hakan"]
[Black "Garcia Ramos, Daniel"]
[Result "0-1"]
[WhiteElo "2030"]
[BlackElo "2408"]
[PlyCount "86"]
[EventDate "2021.06.08"]
[EventType "swiss (blitz)"]
[EventRounds "11"]
[EventCountry "USA"]
[SourceTitle "CBM 202 Extra"]
[Source "ChessBase"]
[SourceDate "2021.07.31"]
[SourceVersion "1"]
[SourceVersionDate "2021.07.31"]
[SourceQuality "1"]

1. Nf3 d5 2. c4 c6 3. g3 g6 4. b3 Bg7 5. d4 Nf6 6. Bb2 0-0 7. Bg2 Ne4 8. 0-0 Nd7 9. Nbd2 Ndf6 10. e3 Bf5 11. Nh4 Nxd2 12. Qxd2 Qd7 13. Nxf5 Qxf5 14. cxd5 cxd5 15. Rac1 Rac8 16. Ba3 Qe6 17. Rxc8 Rxc8 18. Rc1 Bf8 19. Rc5 b6 20. Rc2 Qf5 21. Rxc8 Qxc8 22. Qc1 Qxc1+ 23. Bxc1 e6 24. Bd2 Bd6 25. f3 Kf8 26. Bf1 Ke7 27. Kf2 Nd7 28. Bb5 Nb8 29. a4 a6 30. Bd3 Kd7 31. e4 Kc6 32. Ke3 b5 33. exd5+ exd5 34. Be1 Nd7 35. h4 Nf8 36. g4 Ne6 37. Bc3 Bg3 38. h5 Nf4 39. Bc2 gxh5 40. Bxh7 h4 41. g5 h3 42. Bf5 h2 43. g6 fxg6 0-1

[Event "TUR-ch U13-U18"]
[Site "Antalya"]
[Date "2020.01.20"]
[Round "3"]
[White "Ozturk, Efe Hakan"]
[Black "Egeli, Sercan Veli"]
[Result "1-0"]
[WhiteElo "2107"]
[BlackElo "1678"]
[PlyCount "135"]
[EventDate "2020.01.19"]
[EventType "swiss"]
[EventRounds "11"]
[EventCountry "TUR"]
[SourceTitle "CBM 195 Extra"]
[Source "ChessBase"]
[SourceDate "2020.05.31"]
[SourceVersion "1"]
[SourceVersionDate "2020.05.31"]
[SourceQuality "1"]

1. Nf3 Nf6 2. c4 d5 3. cxd5 Nxd5 4. d4 e6 5. e4 Nf6 6. Nc3 Be7 7. Be2 0-0 8. 0-0 b6 9. Bf4 a6 10. a4 Bb7 11. Qc2 Nc6 12. Rad1 Nb4 13. Qb1 Qc8 14. Rc1 Nh5 15. Be3 Nf6 16. h3 c5 17. Rfd1 Qc7 18. a5 b5 19. dxc5 Qxa5 20. Nd2 Qc7 21. Nb3 Rac8 22. f4 Rfd8 23. Bf3 Rxd1+ 24. Rxd1 Rd8 25. g3 Rxd1+ 26. Qxd1 Nd7 27. Kg2 Nxc5 28. Nxc5 Bxc5 29. Bxc5 Qxc5 30. Qd8+ Qf8 31. Qd7 Qc8 32. Qd6 Nc6 33. e5 Na5 34. Bxb7 Qxb7+ 35. Kf2 Qc8 36. Ne4 h6 37. Qc5 Qb8 38. Nd6 Nc4 39. b3 Qb6 40. Ne4 Qxc5+ 41. Nxc5 Na5 42. Ke3 Kf8 43. Kd3 Ke7 44. Kc3 f6 45. exf6+ Kxf6 46. Nxa6 Nc6 47. Nc7 b4+ 48. Kc4 e5 49. Nd5+ Kf5 50. Nxb4 Na5+ 51. Kc3 Nxb3 52. fxe5 Nc5 53. Kd4 Ne6+ 54. Kd5 Ng5 55. h4 Nh7 56. Nc6 Nf8 57. Nd4+ Kg4 58. Ne6 Ng6 59. Nxg7 Kxg3 60. h5 Nf4+ 61. Kd6 Kg4 62. e6 Nxe6 63. Kxe6 Kg5 64. Kf7 Kf4 65. Kg6 Ke5 66. Nf5 Ke6 67. Nxh6 Ke7 68. Kg7 1-0

[Event "TUR-chT 2nd League"]
[Site "Konya"]
[Date "2019.07.27"]
[Round "8.3"]
[White "Ozturk, Efe Hakan"]
[Black "Ozdemir, Serhan Berat"]
[Result "1/2-1/2"]
[WhiteElo "2017"]
[BlackElo "1985"]
[PlyCount "62"]
[EventDate "2019.07.22"]
[EventType "team-swiss"]
[EventRounds "9"]
[EventCountry "TUR"]
[SourceTitle "CBM 191 Extra"]
[Source "ChessBase"]
[SourceDate "2019.09.30"]
[SourceVersion "1"]
[SourceVersionDate "2019.09.30"]
[SourceQuality "1"]
[WhiteTeam "Apaydin Satranc Spor"]
[BlackTeam "Koroglu Dernegi"]
[WhiteTeamCountry "TUR"]
[BlackTeamCountry "TUR"]

1. e4 e6 2. d4 d5 3. exd5 exd5 4. Bd3 Bd6 5. Ne2 Ne7 6. 0-0 0-0 7. Bf4 c6 8. c3 Bf5 9. Bxd6 Qxd6 10. Bxf5 Nxf5 11. Ng3 Nxg3 12. hxg3 Nd7 13. Nd2 Rfe8 14. Re1 Nf6 15. Nf3 Rxe1+ 16. Qxe1 Re8 17. Qf1 Kf8 18. Re1 Rxe1 19. Qxe1 Qe7 20. Kf1 Qxe1+ 21. Kxe1 Ke7 22. Ke2 Ne4 23. Nd2 Nxd2 24. Kxd2 Kd7 25. f3 f6 26. Ke3 g5 27. g4 Ke6 28. g3 h6 29. a3 a5 30. a4 b6 31. b3 Kd6 1/2-1/2

[Event "World School-ch U13"]
[Site "Antalya"]
[Date "2019.04.25"]
[Round "8"]
[White "Garv, Gaur"]
[Black "Ozturk, Efe Hakan"]
[Result "0-1"]
[WhiteElo "1711"]
[BlackElo "2109"]
[PlyCount "90"]
[EventDate "2019.04.18"]
[EventType "swiss"]
[EventRounds "9"]
[EventCountry "TUR"]
[SourceTitle "CBM 190 Extra"]
[Source "ChessBase"]
[SourceDate "2019.07.15"]
[SourceVersion "1"]
[SourceVersionDate "2019.07.15"]
[SourceQuality "1"]

1. d4 b6 2. Nf3 Bb7 3. c4 Nf6 4. g3 g6 5. Bg2 Bg7 6. 0-0 0-0 7. Nc3 d6 8. Re1 Ne4 9. Qd3 Nxc3 10. bxc3 c5 11. e4 cxd4 12. cxd4 Nc6 13. Bd2 Rc8 14. Rac1 Qd7 15. h4 Rc7 16. Kh2 Nb8 17. Qb3 Rd8 18. a4 Nc6 19. d5 Na5 20. Bxa5 bxa5 21. e5 Qc8 22. exd6 exd6 23. Bh3 Qa8 24. Qe3 Ba6 25. Qf4 Rb7 26. Rc2 Qb8 27. Kg2 Rf8 28. h5 Qd8 29. c5 dxc5 30. Rxc5 Rb4 31. Re4 Rxe4 32. Qxe4 Re8 33. Qf4 Bb7 34. Qc4 Bf8 35. Rb5 Ba6 36. hxg6 hxg6 37. Qc6 Bxb5 38. Qxb5 Re4 39. Qd3 Rxa4 40. Ne5 Qd6 41. Be6 Qxe5 42. Qxg6+ Kh8 43. Qxf7 Qe4+ 44. f3 Qc2+ 45. Kh3 Qh7+ 0-1

[Event "World ol U16"]
[Site "Konya"]
[Date "2018.11.26"]
[Round "2.21"]
[White "Ozturk, Efe Hakan"]
[Black "Moran, Darragh"]
[Result "1-0"]
[WhiteElo "2083"]
[BlackElo "1800"]
[PlyCount "51"]
[EventDate "2018.11.25"]
[EventType "team-swiss"]
[EventRounds "9"]
[EventCountry "TUR"]
[SourceTitle "CBM 187 Extra"]
[Source "ChessBase"]
[SourceDate "2018.11.04"]
[SourceVersion "1"]
[SourceVersionDate "2018.11.04"]
[SourceQuality "1"]
[WhiteTeam "Turkey Turquaz"]
[BlackTeam "Ireland"]
[WhiteTeamCountry "TUR"]
[BlackTeamCountry "IRL"]

1. Nf3 Nf6 2. g3 d5 3. Bg2 e6 4. 0-0 Be7 5. d4 0-0 6. c4 dxc4 7. Qc2 a6 8. a4 Bd7 9. Ne5 Bc6 10. Nxc6 Nxc6 11. e3 a5 12. Qxc4 Nd5 13. Nc3 Ncb4 14. Rd1 c6 15. e4 Nb6 16. Qe2 Re8 17. Be3 Qc7 18. Rac1 Rad8 19. d5 exd5 20. Nb5 Qb8 21. Bxb6 cxb5 22. Bxd8 Bxd8 23. Qxb5 Bf6 24. Qxa5 Nc6 25. Qxd5 Bxb2 26. Rb1 1-0

[Event "World ol U16"]
[Site "Konya"]
[Date "2018.11.25"]
[Round "1.8"]
[White "Niemann, Hans Moke"]
[Black "Ozturk, Efe Hakan"]
[Result "1-0"]
[WhiteElo "2439"]
[BlackElo "2083"]
[PlyCount "128"]
[EventDate "2018.11.25"]
[EventType "team-swiss"]
[EventRounds "9"]
[EventCountry "TUR"]
[SourceTitle "CBM 187 Extra"]
[Source "ChessBase"]
[SourceDate "2018.11.04"]
[SourceVersion "1"]
[SourceVersionDate "2018.11.04"]
[SourceQuality "1"]
[WhiteTeam "United States"]
[BlackTeam "Turkey Turquaz"]
[WhiteTeamCountry "USA"]
[BlackTeamCountry "TUR"]

1. d4 Nf6 2. c4 e6 3. Nf3 d5 4. g3 Be7 5. Bg2 0-0 6. 0-0 Nbd7 7. Qc2 c6 8. Nbd2 b6 9. e4 Bb7 10. e5 Ne8 11. Rd1 Rc8 12. cxd5 cxd5 13. Qd3 Nb8 14. a3 a5 15. b3 Qc7 16. Ne1 Qc3 17. Qxc3 Rxc3 18. Bb2 Rc8 19. Nb1 Nc7 20. Nc3 Bc6 21. Bf1 b5 22. Rdc1 f6 23. Nd3 Bd7 24. a4 b4 25. Nd1 Nca6 26. exf6 gxf6 27. Ne3 Rxc1 28. Rxc1 Rc8 29. Re1 Kf7 30. f4 Nc7 31. Bg2 Nc6 32. f5 Bd6 33. Rf1 Ne7 34. fxe6+ Bxe6 35. g4 Kg7 36. Nc5 Bf7 37. Nb7 Ne8 38. Nxa5 Rc7 39. Rc1 Bf4 40. Kf2 Ra7 41. Nc6 Nxc6 42. Rxc6 Bxh2 43. Bxd5 Bxd5 44. Nxd5 Bd6 45. Ne3 Rc7 46. Nf5+ Kg6 47. d5 Rxc6 48. dxc6 Bc7 49. Kf3 h5 50. Ne7+ Kf7 51. Nd5 hxg4+ 52. Kxg4 Ke6 53. Nxc7+ Nxc7 54. Bc1 Nd5 55. Bf4 f5+ 56. Kf3 Nc3 57. a5 Nb5 58. Ke3 Na7 59. Bb8 Nxc6 60. a6 f4+ 61. Ke4 f3 62. Kxf3 Kd5 63. a7 Nxa7 64. Bxa7 Kc6 1-0

[Event "Wch U20 57th"]
[Site "Manavgat"]
[Date "2018.09.07"]
[Round "4"]
[White "Ozturk, Efe Hakan"]
[Black "Zlatin, Alexander"]
[Result "1/2-1/2"]
[WhiteElo "2065"]
[BlackElo "2312"]
[PlyCount "256"]
[EventDate "2018.09.05"]
[EventType "swiss"]
[EventRounds "11"]
[EventCountry "TUR"]
[SourceTitle "CBM 186 Extra"]
[Source "ChessBase"]
[SourceDate "2018.08.24"]
[SourceVersion "1"]
[SourceVersionDate "2018.08.24"]
[SourceQuality "1"]

1. d4 Nf6 2. c4 e6 3. Nf3 d5 4. g3 Be7 5. Bg2 0-0 6. 0-0 b6 7. Nc3 Bb7 8. Ne5 Na6 9. Qa4 c5 10. cxd5 exd5 11. Nc6 Bxc6 12. Qxc6 Nb4 13. Qa4 cxd4 14. Nb5 d3 15. exd3 Nxd3 16. Rd1 Nc5 17. Qc2 Ne6 18. Qe2 Bc5 19. Nc3 d4 20. Bxa8 Qxa8 21. Na4 Ne4 22. Qf3 Kh8 23. Nxc5 bxc5 24. Re1 f5 25. g4 g6 26. Bh6 Rg8 27. Re2 Nc3 28. Qd3 Nxe2+ 29. Qxe2 Qe4 30. Re1 Qxe2 31. Rxe2 Re8 32. gxf5 gxf5 33. Re5 Rg8+ 34. Kf1 Rg6 35. Bd2 Rf6 36. Ke2 c4 37. Ra5 Rf7 38. Re5 Re7 39. Kd1 Kg7 40. Rxf5 Kg6 41. Ra5 Kf6 42. f4 Rg7 43. f5 Rg1+ 44. Kc2 Ng7 45. Rc5 Nxf5 46. Rxc4 Rg2 47. Rc6+ Ke5 48. h3 Kd5 49. Rc7 Ke4 50. b4 Ne3+ 51. Kc1 Nf1 52. Bh6 Ng3 53. Rxa7 Kd3 54. Ra3+ Kc4 55. Ra7 Ne2+ 56. Kd2 Nc3+ 57. Ke1 Nxa2 58. Rxh7 Nxb4 59. h4 Nd3+ 60. Kf1 Rf2+ 61. Kg1 Rf5 62. Re7 Ne5 63. Kg2 d3 64. Rc7+ Kd4 65. Rc8 Ke4 66. Re8 Rh5 67. Bc1 Rxh4 68. Ra8 Nc4 69. Rd8 Ne3+ 70. Kf2 Rf4+ 71. Kg3 Rf3+ 72. Kh2 Nd5 73. Re8+ Kd4 74. Kg2 Rf5 75. Bb2+ Kc4 76. Rc8+ Kb3 77. Bc1 Nc3 78. Rd8 Kc2 79. Bh6 Ne4 80. Rc8+ Kd1 81. Rd8 d2 82. Bxd2 Nxd2 83. Kg3 Kc2 84. Kg4 Rf7 85. Rd4 Kc3 86. Rf4 Rg7+ 87. Kf5 Kd3 88. Ke5 Ke3 89. Ra4 Rg5+ 90. Kf6 Rb5 91. Ke6 Ne4 92. Ra3+ Kf4 93. Ra1 Re5+ 94. Kd7 Rc5 95. Rf1+ Ke5 96. Re1 Rc3 97. Re2 Kd5 98. Rh2 Nc5+ 99. Ke7 Re3+ 100. Kf6 Nd7+ 101. Kf5 Rf3+ 102. Kg5 Ne5 103. Ra2 Nc6 104. Rd2+ Ke6 105. Ra2 Rf5+ 106. Kg4 Ne5+ 107. Kg3 Rf3+ 108. Kg2 Rc3 109. Ra8 Kf5 110. Rf8+ Ke4 111. Re8 Ra3 112. Kf2 Rf3+ 113. Kg2 Rf7 114. Kg3 Rf5 115. Re7 Rg5+ 116. Kf2 Kf4 117. Ra7 Nd3+ 118. Ke2 Nc5 119. Rf7+ Ke4 120. Re7+ Kd4 121. Re8 Rd5 122. Kf3 Rd7 123. Re1 Rf7+ 124. Kg4 Ne4 125. Ra1 Rg7+ 126. Kf5 Rg5+ 127. Kf4 Rh5 128. Rd1+ Kc4 1/2-1/2